000 01243cam a2200361 a 4500
001 14572682
003 OSt
005 20140310181739.0
008 060927s2006 enka b 001 0 eng d
010 _a 2006283745
015 _aGBA621428
_2bnb
016 7 _a013397674
_2Uk
020 _a0826478352 (pbk.)
035 _a(OCoLC)ocm63703011
040 _aUKM
_cUKM
_dBAKER
_dBWKUK
_dIXA
_dDLC
042 _alccopycat
050 0 0 _aLB 1049
_b.G842 2006
082 0 4 _aTR 372.4
_bG81 2006
100 1 _aGrey, Duncan.
_9226
245 1 0 _aGetting the buggers to learn /
_cDuncan Grey.
260 _aLondon ;
_aNew York :
_bContinuum,
_cc2006.
300 _av, 222 p. ;
_bill. ;
_c22 cm.
504 _aIncludes bibliographical references (p. 217-220) and index.
521 _aFaculty
541 _j1
562 _eFor circulation 1 copy in the collection
650 0 _xStudy and teaching
_zGreat Britain.
_9227
650 0 _aInformation literacy
_zGreat Britain.
_zStudy and teaching.
_9228
650 0 _aInformation resources
_zEvaluation.
_zStudy and teaching.
_9229
906 _a7
_bcbc
_ccopycat
_d2
_encip
_f20
_gy-gencatlg
942 _2lcc
_cBK-TR
_kTR
999 _c2683
_d2683